000 01704nam0a2200445 4500
001 RU\NLR\BIBL_A\010721531
005 20260406152232.0
010 _a978-5-479-01327-0
021 _aRU
_b2016-3606
_9219
021 _aRU
_b2017-52121
_93726
021 _aRU
_b2016-96318
_96384
021 _aRU
_b2015-12944
_9785
035 _a(NLR Aleph) 010721531
035 _a(RuMoRGB)008937143
035 _a(NILC)RuMoRGB-007882201
090 _a9822891
_c9822891
100 _a20150407d2015 c y0rusy50 ca
101 0 _arus
102 _aRU
105 _aac||z|||000ay
200 1 _aБелый пудель и другие рассказы
_e[для младшего и среднего школьного возраста]
_fА. И. Куприн
_g[худож. Н. Барай]
210 _aМосква
_cСтрекоза
_cСтрекоза-Пресс
_d2015
215 _a157, [2] с.
_cил., портр.
_d21
225 1 _aШкольная программа
327 1 _aСодерж.: Белый пудель; Ю-ю; Собачье счастье; Сапсан; Барбос и Жулька; Изумруд; Слон
333 _a6+
675 _a821.161.1-93
686 0 _aШ9(2)60=Р5-4
686 0 _aШ9(2)62=Р5-4
700 1 _8rus
_7ca
_aКуприн
_bА. И.
_cписатель
_f1870-1938
_gАлександр Иванович
_3RU\NLR\AUTH\775766
_9115725
702 1 _aБарай
_bН.
_4040
801 0 _aRU
_bRuMoRKP
_c20110214
_gRCR
801 1 _aRU
_bRuMoRKP
_c20110214
_2rusmarc
801 2 _aRU
_bРГБ
_c20150306
_grcr
942 _cBOOK
980 _aNB